[Event "Oberliga Northeast 1991/92"]
[Site "masterchessopen.com Germany"]
[Round "-56"]
[White "Steinert Martin (AUT)"]
[Black "Didzuhn Werner Dr (GER)"]
[Result "1-0"]
[WhiteElo "2075"]
[BlackElo "1919"]

1.Nf3 Nf6 2.g3 g6 3.Bg2 Bg7 4.O-O O-O 5.c4 d6 6.Nc3 Nc6 7.d4 a6 8.h3 Rb8 9.Be3
Na5 10.Nd2 Nd7 11.Rc1 c5 12.dxc5 dxc5 13.b3 b5 14.Nce4 Bd4 15.Bf4 Rb6 16.Nf3
e5 17.Bh6 Re8 18.cxb5 axb5 19.Qd2 f5 20.Qxa5 fxe4 21.Ng5 Nf6 22.e3 {#r} 1-0

[Event "It"]
[Site "masterchessopen.com Gifhorn (Germany)"]
[Round "1"]
[White "Leroy Adrien (FRA)"]
[Black "Polzin Rainer (GER)"]
[Result "0-1"]
[WhiteElo "2239"]
[BlackElo "2469"]

1.Nf3 Nf6 2.g3 g6 3.Bg2 Bg7 4.O-O O-O 5.d4 d6 6.c4 Nc6 7.Nc3 a6 8.d5 Na5 9.Qd3
c5 10.e4 b5 11.Nd2 Ng4 12.cxb5 axb5 13.Nxb5 Qb6 14.a4 Ba6 15.Rb1 Rfc8 16.Qe2
Ne5 17.b4 cxb4 18.Rxb4 Rc2 19.Rb2 Nf3+ 20.Qxf3 Bxb2 21.Bxb2 Rxb2 22.Qc3 Ra2
23.Rb1 Rc8 {#R} 0-1

[Event "It"]
[Site "masterchessopen.com Homorod (Romania)"]
[Round "0"]
[White "Schwartzman Gabriel (USA)"]
[Black "Badea Bela (ROM)"]
[Result "1-0"]
[WhiteElo "2340"]
[BlackElo "2491"]

1.d4 Nf6 2.c4 g6 3.Nf3 Bg7 4.g3 O-O 5.Bg2 d6 6.O-O Nc6 7.Nc3 a6 8.b3 Rb8 9.Nd5
Bg4 10.Bb2 Nd7 11.Ne1 e5 12.Ne3 exd4 13.Nxg4 h5 14.Nh6+ Bxh6 15.Bxc6 bxc6
16.Qxd4 Kh7 17.f4 c5 18.Qc3 f5 19.Nf3 Qe7 20.e4 Nf6 21.exf5 gxf5 22.Rae1 Ne4
23.Nd2 c6 24.Nxe4 fxe4 25.Qf3 d5 26.Qxh5 d4 27.Ba3 e3 28.Bxc5 Qe4 29.f5 Rf6
30.Rf4 {#r} 1-0

[Event "Ch City"]
[Site "masterchessopen.com Lisbon (Portugal)"]
[Round "2"]
[White "Durao Pedro (POR)"]
[Black "Luyks Marinus (POR)"]
[Result "1-0"]
[WhiteElo "2138"]
[BlackElo "2154"]

1.d4 Nf6 2.c4 g6 3.Nf3 Bg7 4.g3 O-O 5.Bg2 d6 6.Nc3 Nc6 7.O-O a6 8.h3 Rb8 9.a4
Na5 10.Nd2 c5 11.d5 e5 12.e4 Bh6 13.Qe2 Nh5 14.Ra3 Qb6 15.Kh2 Bxd2 16.Bxd2
Qxb2 17.Rfa1 Qb4 18.Bf1 f5 19.Nd1 Qb6 20.Qe1 Nb3 21.Rb1 Nxd2 22.Rxb6 {#r} 1-0

[Event "It (open)"]
[Site "masterchessopen.com Oberwart (Austria)"]
[Round "5"]
[White "Fauland Peter (AUT)"]
[Black "Balogh Bela (HUN)"]
[Result "0-1"]
[WhiteElo "2229"]
[BlackElo "2230"]

1.d4 Nf6 2.Nf3 g6 3.g3 Bg7 4.Bg2 O-O 5.O-O d6 6.c4 Nc6 7.Nc3 a6 8.e4 Bg4 9.h3
Bxf3 10.Bxf3 e5 11.d5 Nd4 12.Bg2 c5 13.dxc6 bxc6 14.Be3 Rb8 15.Rb1 Qa5 16.Qd2
Qb4 17.b3 Qxc3 {#R} 0-1

[Event "It (open)"]
[Site "masterchessopen.com Oberwart (Austria)"]
[Round "1"]
[White "Wais Michael (AUT)"]
[Black "Polzin Rainer (GER)"]
[Result "0-1"]
[WhiteElo "1996"]
[BlackElo "2469"]

1.d4 Nf6 2.c4 g6 3.g3 Bg7 4.Bg2 O-O 5.Nf3 d6 6.O-O Nc6 7.Nc3 a6 8.a3 Rb8 9.Qc2
Na5 10.Qa4 b6 11.Nd2 Bd7 12.Qc2 c5 13.dxc5 bxc5 14.Rb1 Nc6 15.Nf3 Nd4 16.Nxd4
cxd4 17.Nd5 Bf5 18.Nxf6+ Bxf6 19.Be4 Bxe4 20.Qxe4 Rb3 21.Bd2 Qd7 22.Bb4 Rb8
23.Qc2 Qa4 24.Rfd1 R3xb4 {#R} 0-1

[Event "It (open)"]
[Site "masterchessopen.com Saint Martin (France & Netherl)"]
[Round "0"]
[White "Burger Karl (USA)"]
[Black "Zapata Alonso (COL)"]
[Result "0-1"]
[WhiteElo "2310"]
[BlackElo "2530"]

1.d4 Nf6 2.Nf3 g6 3.g3 Bg7 4.Bg2 O-O 5.O-O d6 6.c4 Nc6 7.Nc3 a6 8.e3 Rb8 9.Nd2
Bd7 10.a3 e5 11.d5 Ne7 12.b4 c6 13.Nde4 Nxe4 14.Nxe4 cxd5 15.Nxd6 Qc7 16.c5 b6
17.Qc2 bxc5 18.Qxc5 Qxc5 19.bxc5 e4 20.Ra2 Rb3 21.Bd2 Rfb8 22.Ba5 Rb2 23.Rxb2
Rxb2 24.f3 exf3 25.Bxf3 Be6 26.Rf2 Rb3 27.Bb4 Bh6 28.Rc2 Bxe3+ 29.Kf1 Nc6
30.h3 {#R} 0-1

[Event "It (cat.3)"]
[Site "masterchessopen.com Budapest (Hungary)"]
[Round "5"]
[White "Vadasz Laszlo (HUN)"]
[Black "Olsen Peter Erik (DEN)"]
[Result "1-0"]
[WhiteElo "2400"]
[BlackElo "2247"]

1.Nf3 g6 2.d4 Nf6 3.g3 Bg7 4.Bg2 O-O 5.O-O d6 6.c4 Nc6 7.Nc3 a6 8.Bd2 e5 9.d5
Ne7 10.e4 Nd7 11.Ne1 f5 12.Nd3 Kh8 13.Be3 Ng8 14.Qd2 Rf7 15.Rae1 Ndf6 16.f4
Ng4 17.fxe5 Nxe5 18.Nxe5 Bxe5 19.Bd4 Qf6 20.Bxe5 dxe5 21.c5 Qg7 22.Qe3 {#r}
1-0

[Event "It (open) \"]
[Site "masterchessopen.com Buenos Aires (Argentina)"]
[Round "7"]
[White "Devcic Marcos (ARG)"]
[Black "Cativelli Gerardo (ARG)"]
[Result "1-0"]
[WhiteElo "2305"]
[BlackElo "2235"]

1.d4 Nf6 2.c4 g6 3.Nc3 Bg7 4.Nf3 O-O 5.g3 d6 6.Bg2 Nc6 7.O-O a6 8.b3 Rb8 9.Bb2
b5 10.cxb5 axb5 11.Rc1 Bd7 12.Ne1 Bh6 13.e3 Na5 14.Nd3 c6 15.h3 Qb6 16.Ne2
Rfc8 17.Nef4 Bf5 18.Re1 Be4 19.Bxe4 Nxe4 20.Qf3 d5 21.Rc2 Nb7 22.Rec1 Ned6
23.Nc5 Re8 24.Nd7 {#r} 1-0

[Event "Bundesliga (2nd) West 1992/93"]
[Site "masterchessopen.com Germany"]
[Round "0"]
[White "Heinbuch Detlef (GER)"]
[Black "Zude Erik Dr (GER)"]
[Result "1-0"]
[WhiteElo "2295"]
[BlackElo "2400"]

1.d4 Nf6 2.Nf3 g6 3.c4 Bg7 4.Nc3 O-O 5.g3 d6 6.Bg2 Nc6 7.O-O a6 8.Bd2 Bg4 9.d5
Na5 10.b3 c5 11.dxc6 Nxc6 12.h3 Bf5 13.Ne1 Rc8 14.Rc1 Nd7 15.e4 Be6 16.Nd3 Nd4
17.Nf4 Nb8 18.Be3 Nbc6 19.Nce2 Nxe2+ 20.Qxe2 Qa5 21.Rfd1 Qa3 22.h4 Kh8 23.h5
Nb4 24.Qd2 a5 25.Bd4 Qxa2 26.Bxg7+ Kxg7 27.Qc3+ Kh6 28.Rd2 Qa3 29.Nxe6 fxe6
30.Ra1 {#r} 1-0

[Event "It (open)"]
[Site "masterchessopen.com Hamburg (Germany)"]
[Round "1"]
[White "Semmler Guenter (GER)"]
[Black "Stohl Igor (SVK)"]
[Result "0-1"]
[WhiteElo "1937"]
[BlackElo "2545"]

1.Nf3 g6 2.d4 Nf6 3.g3 Bg7 4.Bg2 O-O 5.O-O d6 6.c4 Nc6 7.Nc3 a6 8.e4 Bg4 9.h3
Bxf3 10.Bxf3 Nd7 11.Be3 e5 12.dxe5 dxe5 13.Bg2 Nd4 14.f4 c6 15.fxe5 Ne6 16.Ne2
Nxe5 17.b3 b5 18.Qc2 bxc4 19.bxc4 Qa5 20.Rab1 Rfd8 21.Rfd1 Rxd1+ 22.Rxd1 Qb4
23.Rc1 Rd8 24.Nf4 Nd4 25.Bxd4 Rxd4 26.Qb3 Qd2 27.Rf1 Nxc4 28.Qb8+ Rd8 29.Qb7
Ne3 {#R} 0-1

[Event "Ch Hungary (university)"]
[Site "masterchessopen.com Hungary"]
[Round "6"]
[White "Ezsol Miklos (HUN)"]
[Black "Piroth Attila (HUN)"]
[Result "0-1"]
[WhiteElo "2362"]
[BlackElo "2291"]

1.d4 d6 2.c4 g6 3.Nc3 Bg7 4.Nf3 Nf6 5.g3 O-O 6.Bg2 Nc6 7.O-O a6 8.b3 e5 9.d5
Ne7 10.e4 Ne8 11.b4 f5 12.exf5 Nxf5 13.Bg5 Nf6 14.Ne4 h6 15.Bxf6 Bxf6 16.Nxf6+
Qxf6 17.Qd2 e4 18.Ne1 Qxa1 19.g4 Qd4 {#R} 0-1

[Event "It (open)"]
[Site "masterchessopen.com New York (USA)"]
[Round "8"]
[White "Alvarez Tirso (USA)"]
[Black "Lapshun Yury (USA)"]
[Result "0-1"]
[WhiteElo "1623"]
[BlackElo "2456"]

1.d4 Nf6 2.Nf3 g6 3.g3 Bg7 4.Bg2 O-O 5.O-O d6 6.c4 Nc6 7.Nc3 a6 8.h3 e5 9.dxe5
dxe5 10.Qxd8 Rxd8 11.Bg5 Be6 12.Bxf6 Bxf6 13.Ne4 Be7 14.Rac1 f5 15.Neg5 Bc8
16.h4 e4 17.Nh2 Rd2 18.e3 Rxb2 19.g4 Rxa2 20.Rfd1 h6 21.Nxe4 fxe4 22.Bxe4 Bxh4
23.Rf1 Ne5 24.Nf3 Nxf3+ 25.Bxf3 c6 26.Kg2 Be6 27.Kh3 Bxf2 {#R} 0-1

[Event "Slovak League 1993/94"]
[Site "masterchessopen.com Slovakia"]
[Round "3"]
[White "Konopka Michal (CZE)"]
[Black "Kasas Ladislav (SVK)"]
[Result "1-0"]
[WhiteElo "2436"]
[BlackElo "2055"]

1.Nf3 Nf6 2.c4 g6 3.d4 Bg7 4.g3 O-O 5.Bg2 d6 6.O-O Nc6 7.Nc3 a6 8.b3 Rb8 9.Nd5
e5 10.dxe5 dxe5 11.Bb2 Re8 12.Qd2 Bf5 13.Rfd1 Qd6 14.Nh4 Bc8 15.Rac1 Nxd5
16.cxd5 Nd8 17.Qc3 Re7 18.Nf3 Bg4 19.Qa5 Rd7 20.Ba3 Qb6 21.Qa4 h5 22.h3 Bxf3
23.Qxd7 Bxe2 24.Rd2 Bb5 25.Qxc7 Qxc7 26.Rxc7 Bf8 27.Bxf8 Kxf8 28.a4 Be8 29.d6
{#r} 1-0

[Event "It (open) \"]
[Site "masterchessopen.com Cologne (Germany)"]
[Round "3"]
[White "Aseev Konstantin N (RUS)"]
[Black "Peschel Andreas (GER)"]
[Result "1-0"]
[WhiteElo "2540"]
[BlackElo "2168"]

1.d4 Nf6 2.c4 g6 3.g3 Bg7 4.Bg2 O-O 5.Nc3 d6 6.Nf3 Nc6 7.O-O a6 8.h3 Bd7 9.e4
Na5 10.e5 Ne8 11.Qe2 c5 12.dxc5 dxc5 13.Rd1 Nc7 14.Be3 Ne6 15.Rd2 Qe8 16.Nd5
Rb8 17.Rad1 Bc6 18.b4 cxb4 19.Bb6 Ba4 20.Bxa5 Bxd1 21.Rxd1 Qa4 22.Bxb4 Kh8
23.Bxe7 Rfc8 24.Nb6 {#r} 1-0

[Event "Oberliga Northeast 1993/94"]
[Site "masterchessopen.com Germany"]
[Round "0"]
[White "Schoene Ralf (GER)"]
[Black "Knuth Hannes (GER)"]
[Result "0-1"]
[WhiteElo "2315"]
[BlackElo "2350"]

1.d4 Nf6 2.c4 g6 3.g3 Bg7 4.Bg2 d6 5.Nf3 O-O 6.O-O Nc6 7.Nc3 a6 8.h3 Rb8 9.Be3
Bd7 10.Rc1 b5 11.d5 Na5 12.cxb5 axb5 13.b3 b4 14.Nb1 c5 15.dxc6 Bxc6 16.Ne1
Qd7 17.Nd3 Bxg2 18.Kxg2 Qb7+ 19.Kh2 Ne4 20.f3 Nc3 21.Nxc3 bxc3 22.Nf2 Rfc8
23.Bd4 c2 24.Qd3 Bxd4 25.Qxd4 Nc6 26.Qb2 Nb4 27.Ng4 h5 28.Ne3 Qa6 29.Rfe1 Qa7
30.Ng2 Qxa2 {#R} 0-1

[Event "Ch Ostwestfalen-Lippe (juniors) (under 20)"]
[Site "masterchessopen.com Himmighausen (Germany)"]
[Round "7"]
[White "Mielke Moritz (GER)"]
[Black "Sudbrock Ralf (GER)"]
[Result "1-0"]
[WhiteElo "2205"]
[BlackElo "2127"]

1.Nf3 g6 2.g3 Bg7 3.d4 d6 4.Bg2 Nf6 5.c4 O-O 6.O-O Nc6 7.Nc3 a6 8.h3 Rb8 9.e4
b5 10.e5 Ne8 11.cxb5 axb5 12.Ng5 Na5 13.f4 f6 14.Bd5+ Kh8 15.Nf7+ Rxf7 16.Bxf7
Bxh3 17.Rf2 dxe5 18.fxe5 fxe5 19.Ne4 exd4 20.Ng5 Bf5 21.Rxf5 gxf5 22.Be6 Nd6
23.Qh5 {#r} 1-0

[Event "Ch India"]
[Site "masterchessopen.com India"]
[Round "8"]
[White "Dave Kantilal (IND)"]
[Black "Saravanan V (IND)"]
[Result "0-1"]
[WhiteElo "2122"]
[BlackElo "1958"]

1.d4 Nf6 2.Nf3 g6 3.g3 Bg7 4.Bg2 O-O 5.c4 d6 6.O-O Nc6 7.Nc3 a6 8.a3 Na5 9.Nd2
Nd7 10.e3 c5 11.Ne2 Rb8 12.b4 Nc6 13.bxc5 dxc5 14.Rb1 cxd4 15.Bxc6 bxc6
16.Nxd4 Bb7 17.Bb2 c5 18.Ne2 Ne5 19.Nc3 Qxd2 {#R} 0-1

[Event "It"]
[Site "masterchessopen.com Karditsa (Greece)"]
[Round "0"]
[White "Andrianov Nikolai (RUS)"]
[Black "Atalik Suat (BIH)"]
[Result "0-1"]
[WhiteElo "2420"]
[BlackElo "2535"]

1.d4 Nf6 2.Nf3 g6 3.g3 Bg7 4.Bg2 O-O 5.c4 d6 6.O-O a6 7.Nc3 Nc6 8.h3 Bd7 9.Be3
Rb8 10.Rc1 b5 11.b3 bxc4 12.bxc4 Na5 13.Nd2 h5 14.Rb1 Rxb1 15.Qxb1 Qc8 16.Kh2
h4 17.gxh4 Nc6 18.Rg1 Kh8 19.Nf3 Nh5 20.Ng5 Nxd4 21.Nxf7+ Rxf7 22.Qxg6 Be5+
23.f4 Nxf4 24.Bxf4 Bxf4+ 25.Kh1 Bc6 26.Nd5 Rg7 27.Qd3 Rg3 28.Qxd4+ e5 {#R} 0-1

[Event "It (open)"]
[Site "masterchessopen.com Naron (Spain)"]
[Round "0"]
[White "Ferreiro Lorenzo Vicente (ESP)"]
[Black "Leira Paricio Julio (ESP)"]
[Result "0-1"]
[WhiteElo "1929"]
[BlackElo "2128"]

1.d4 Nf6 2.c4 g6 3.Nf3 Bg7 4.g3 O-O 5.Bg2 d6 6.O-O Nc6 7.Nc3 a6 8.a3 Rb8 9.e4
Bg4 10.h3 Bxf3 11.Bxf3 e5 12.Be3 exd4 13.Bxd4 Nxd4 14.Qxd4 Nd7 15.Qe3 Ne5
16.Be2 Qd7 17.Kg2 Qe6 18.Nd5 c6 19.Nb6 Rbe8 20.f4 Nd7 21.Nxd7 Qxd7 22.Rab1 f5
23.c5 Rxe4 24.Qb3+ Qe6 25.Qxe6+ Rxe6 26.Rfe1 d5 27.b4 Rfe8 28.Kf1 Bc3 {#R} 0-1

[Event "Tournament (active)"]
[Site "masterchessopen.com Poland"]
[Round "3"]
[White "Mazalon Mariusz (POL)"]
[Black "Maciejewski Miroslaw (POL)"]
[Result "0-1"]
[WhiteElo "2023"]
[BlackElo "2292"]

1.d4 Nf6 2.Nf3 g6 3.c4 Bg7 4.Nc3 O-O 5.g3 d6 6.Bg2 Nc6 7.O-O a6 8.h3 Rb8 9.Bg5
Bd7 10.e4 h6 11.Be3 b5 12.cxb5 axb5 13.d5 Na5 14.b4 Nc4 15.Bd4 e5 16.dxe6 Bxe6
17.e5 dxe5 18.Nxe5 Nxe5 19.Bxe5 Qc8 20.Kh2 Ng4+ 21.hxg4 Bxe5 22.Rc1 Bxg4
23.Qd2 Qf5 24.Nd5 Rfe8 25.Qxh6 Be2 26.f4 Bg7 27.Qh4 Bxf1 28.Ne7+ Rxe7 29.Qxe7
Bxg2 30.Kxg2 {#R} 0-1

[Event "Ch Moravia (open)"]
[Site "masterchessopen.com Prerov (Czech Republic)"]
[Round "0"]
[White "Skaroupka Jiri (CZE)"]
[Black "Divis Josef (CZE)"]
[Result "0-1"]
[WhiteElo "2192"]
[BlackElo "2165"]

1.d4 Nf6 2.c4 g6 3.Nc3 Bg7 4.g3 O-O 5.Bg2 d6 6.Nf3 Nc6 7.O-O a6 8.h3 Rb8 9.d5
Na5 10.Nd2 c5 11.Qc2 b5 12.b3 b4 13.Nd1 Nxd5 14.cxd5 Bxa1 15.Nb2 Qc7 16.Qb1
Bxb2 17.Bxb2 c4 18.Nxc4 Nxc4 19.Rc1 Nd2 20.Qd3 Qa5 21.Qxd2 Qxa2 22.Rc4 f6
23.Rh4 Bf5 24.f4 Rbc8 25.g4 Rc2 26.Qe3 Qxb2 27.Qxe7 g5 {#R} 0-1

[Event "Tournament (Elo)"]
[Site "masterchessopen.com Salogernas (Sweden)"]
[Round "0"]
[White "Andersson Mats (SWE)"]
[Black "Sammalvuo Tapani (FIN)"]
[Result "1-0"]
[WhiteElo "2328"]
[BlackElo "2477"]

1.Nf3 Nf6 2.c4 g6 3.g3 Bg7 4.Bg2 O-O 5.O-O d6 6.d4 Nc6 7.Nc3 a6 8.Bg5 h6 9.Bd2
Rb8 10.b3 Bd7 11.Rc1 e5 12.d5 Ne7 13.e4 Ne8 14.Ne1 f5 15.Nd3 fxe4 16.Nxe4 Nf5
17.f4 exf4 18.Nxf4 g5 19.Ne6 Bxe6 20.dxe6 Qe7 21.Qg4 Nd4 22.Rxf8+ Kxf8 23.Rf1+
Kg8 24.Nxg5 {#r} 1-0

[Event "It (open)"]
[Site "masterchessopen.com Schwabisch Gmund (Germany)"]
[Round "2"]
[White "Lindenmaier Reinhard (GER)"]
[Black "Lanka Zigurds (LAT)"]
[Result "0-1"]
[WhiteElo "2166"]
[BlackElo "2540"]

1.c4 Nf6 2.Nc3 g6 3.Nf3 Bg7 4.g3 d6 5.d4 O-O 6.Bg2 a6 7.O-O Nc6 8.h3 Bd7 9.e4
e5 10.Be3 exd4 11.Nxd4 Re8 12.Re1 Qc8 13.Kh2 Ne5 14.b3 c5 15.Nc2 Neg4+ 16.Kg1
Nxe3 17.Rxe3 Bxh3 18.Qxd6 Bxg2 19.Kxg2 Ng4 20.Rf3 Ne5 21.Re3 Rd8 22.Qb6 Rd2
23.Nd5 Qd8 24.Qxd8+ Rxd8 25.Rc1 Ng4 26.Rf3 Bb2 27.Rb1 Rxc2 28.Rd1 Bd4 {#R} 0-1

[Event "It (open)"]
[Site "masterchessopen.com Vilanova (Spain)"]
[Round "2"]
[White "Pros Heras Jordi (ESP)"]
[Black "Leon Crespo Gregori"]
[Result "1-0"]
[WhiteElo "2124"]
[BlackElo "2055"]

1.d4 Nf6 2.c4 g6 3.Nc3 Bg7 4.Nf3 O-O 5.g3 d6 6.Bg2 Nc6 7.O-O a6 8.d5 Na5 9.b3
c5 10.dxc6 Nxc6 11.Bb2 Ne4 12.Qc1 Nc5 13.Nd5 Bxb2 14.Qxb2 Rb8 15.b4 Na4 16.Qc2
Nb6 17.a3 e6 18.Nxb6 Qxb6 19.Qd2 Rd8 20.Rfd1 Qc7 21.Rac1 d5 22.Qh6 f6 23.b5
Ne5 24.cxd5 Nxf3+ 25.Bxf3 Qd6 26.e3 Qe5 27.b6 exd5 28.Rc7 Rd7 29.Bxd5+ Rxd5
30.Qg7# 1-0

[Event "It (open)"]
[Site "masterchessopen.com Werfen (Austria)"]
[Round "0"]
[White "Lempert Igor (UKR)"]
[Black "Kaminik Aleksandar (ISR)"]
[Result "1-0"]
[WhiteElo "2510"]
[BlackElo "2168"]

1.d4 Nf6 2.c4 g6 3.g3 Bg7 4.Bg2 O-O 5.Nc3 d6 6.Nf3 Nc6 7.O-O a6 8.Bg5 Bf5 9.d5
Na5 10.b3 c5 11.Qe1 b5 12.e4 Nxe4 13.Nxe4 Bxa1 14.Nxd6 Bd3 15.Bxe7 Qd7 16.Bxf8
Rxf8 17.Qxa1 Bxf1 18.Ne4 f5 19.Nf6+ Rxf6 20.Qxf6 Bxg2 21.Ne5 Qe8 22.Kxg2 bxc4
23.d6 Nb7 24.d7 {#r} 1-0

[Event "It (open) \"]
[Site "masterchessopen.com Aggtelek (Hungary)"]
[Round "0"]
[White "Karolyfalvi Janos (HUN)"]
[Black "Dudas Peter (HUN)"]
[Result "0-1"]
[WhiteElo "1767"]
[BlackElo "2229"]

1.d4 Nf6 2.c4 g6 3.Nc3 Bg7 4.Nf3 O-O 5.g3 d6 6.Bg2 Nc6 7.O-O a6 8.Bg5 h6
9.Bxf6 Bxf6 10.Rc1 Rb8 11.Qd2 Bg7 12.d5 Na5 13.b3 c5 14.Qd3 Bd7 15.e4 b5
16.Nd2 Qc7 17.f4 Bd4+ 18.Kh1 bxc4 19.Nxc4 Nxc4 20.bxc4 Qa5 21.Ne2 Bb2 22.Rc2
Qxa2 23.f5 Qa3 24.Qd2 Bg7 25.fxg6 fxg6 26.Rxf8+ Kxf8 27.Nf4 Rb1+ {#R} 0-1

[Event "Ch Germany (juniors) (team) (w)"]
[Site "masterchessopen.com Binz (Germany)"]
[Round "0"]
[White "Meissner Claudia (GER)"]
[Black "Nill Jessica (GER)"]
[Result "1-0"]
[WhiteElo "2142"]
[BlackElo "2245"]

1.d4 Nf6 2.Nf3 g6 3.g3 Bg7 4.Bg2 d6 5.O-O O-O 6.c4 Nc6 7.Nc3 a6 8.h3 e5 9.Be3
Rb8 10.Rc1 exd4 11.Nxd4 Nxd4 12.Bxd4 Re8 13.e4 b5 14.cxb5 axb5 15.e5 c5
16.exf6 cxd4 17.fxg7 dxc3 18.Rxc3 Kxg7 19.Rc6 Re6 20.Qd4+ Qf6 21.Qa7 {#r} 1-0

[Event "It (b)"]
[Site "masterchessopen.com Budapest (Hungary)"]
[Round "2"]
[White "Shurygin Sergey (RUS)"]
[Black "Zaitsev Vadim (RUS)"]
[Result "1-0"]
[WhiteElo "2365"]
[BlackElo "2350"]

1.c4 Nf6 2.Nc3 g6 3.Nf3 Bg7 4.g3 O-O 5.Bg2 d6 6.O-O Nc6 7.d4 a6 8.b3 Rb8 9.Bb2
b5 10.cxb5 axb5 11.Rc1 b4 12.Na4 Na5 13.d5 e6 14.dxe6 fxe6 15.Qc2 c5 16.Rfd1
Qe7 17.Rxd6 c4 18.Be5 Bb7 19.bxc4 Bh6 20.Bh3 b3 21.axb3 Bxc1 22.Rxe6 Qa3
23.Bxb8 Nxb3 24.Be5 Be4 25.Qd1 Bxf3 26.Rxf6 Rxf6 27.Bxf6 Kf7 28.Be5 Bc6 29.Nc3
Bb2 30.Nb5 {#r} 1-0

[Event "It \"]
[Site "masterchessopen.com Concord (USA)"]
[Round "4"]
[White "Baja Victor (USA)"]
[Black "Weeramantry Sunil (USA)"]
[Result "0-1"]
[WhiteElo "2251"]
[BlackElo "2300"]

1.Nf3 Nf6 2.g3 g6 3.Bg2 Bg7 4.O-O d6 5.d4 O-O 6.c4 Nc6 7.Nc3 a6 8.Qd3 Nd7 9.e3
e5 10.dxe5 Ndxe5 11.Nxe5 Nxe5 12.Qe2 Bg4 13.Qc2 Qd7 14.f4 Nxc4 15.Bxb7 Rab8
16.Bxa6 Qc6 17.Bxc4 Qxc4 18.Qe4 Qa6 19.Rf2 c6 20.Qa4 Qb7 21.Qc2 d5 22.Na4 Bf5
23.Qd1 Rfe8 24.g4 Bc8 25.h3 Qa7 26.f5 d4 27.e4 Rxe4 28.f6 {#R} 0-1

[Event "It (open)"]
[Site "masterchessopen.com Cullera (Spain)"]
[Round "4"]
[White "Moreno Bartolome (ESP)"]
[Black "Marco Catala Juan (ESP)"]
[Result "0-1"]
[WhiteElo "2154"]
[BlackElo "1812"]

1.d4 Nf6 2.c4 g6 3.g3 Bg7 4.Bg2 O-O 5.Nf3 d6 6.Nc3 Nc6 7.O-O a6 8.h3 Rb8 9.Qc2
b5 10.cxb5 axb5 11.Nxb5 Nb4 12.Qc4 Nxa2 13.Qxa2 Rxb5 14.Qc4 Rb6 15.d5 e6 16.e4
exd5 17.exd5 Bd7 18.Nd4 Qb8 19.Nc6 Bxc6 20.dxc6 Rb4 21.Qc2 Re8 22.Ra4 Rb5
23.Rd1 Rc5 24.Qd3 Rb5 25.Bf3 Rb3 26.Ra8 Rxd3 27.Rxb8 Rxd1+ {#R} 0-1

[Event "n) (b"]
[Site "masterchessopen.com Eger (Hungary)"]
[Round "0"]
[White "Papp Zsolt (HUN)"]
[Black "Basagic Zlatko (SLO)"]
[Result "0-1"]
[WhiteElo "2126"]
[BlackElo "2375"]

1.d4 g6 2.c4 Bg7 3.Nf3 d6 4.g3 Nf6 5.Bg2 O-O 6.Nc3 Nc6 7.O-O a6 8.d5 Na5 9.b3
c5 10.dxc6 bxc6 11.Nd2 d5 12.Bb2 Rb8 13.Rb1 Bf5 14.e4 Nxe4 15.Ncxe4 Bxb2
16.Rxb2 dxe4 17.Qe2 Qd4 18.Nxe4 Nxc4 19.Rc2 Ne5 20.Rd2 Qb6 21.Nc3 Qa5 22.Rc1
Rfd8 23.Bd5 Nd3 24.Bc4 Nxc1 25.Qxe7 Rf8 26.Rd7 Bxd7 27.Ne4 Qe1+ 28.Kg2 Be6
29.Nf6+ Kh8 {#R} 0-1

[Event "Bayern Landesliga North 1994/95"]
[Site "masterchessopen.com Germany"]
[Round "0"]
[White "Fischer Franz"]
[Black "Rupp Markus (GER)"]
[Result "0-1"]
[WhiteElo "1990"]
[BlackElo "2289"]

1.d4 Nf6 2.Nf3 g6 3.g3 Bg7 4.Bg2 O-O 5.O-O d6 6.c4 Nc6 7.Nc3 a6 8.Bg5 h6 9.Bf4
Bf5 10.Qd2 g5 11.Be3 Ng4 12.Rad1 Qd7 13.h4 Nxe3 14.Qxe3 g4 15.Nh2 Rae8 16.Qf4
Nxd4 17.e4 e5 18.Qd2 Be6 19.Nd5 c6 20.Ne3 h5 21.f4 exf4 22.gxf4 f5 23.c5 dxc5
24.e5 Rd8 25.b3 g3 {#R} 0-1

[Event "It (open)"]
[Site "masterchessopen.com Katowice (Poland)"]
[Round "1"]
[White "Fraczek Leslaw (POL)"]
[Black "Cherevatenko Roman (UKR)"]
[Result "0-1"]
[WhiteElo "1842"]
[BlackElo "2420"]

1.d4 Nf6 2.c4 g6 3.g3 Bg7 4.Bg2 O-O 5.Nc3 Nc6 6.Nf3 d6 7.O-O a6 8.h3 Rb8 9.Ne1
Bd7 10.e3 e5 11.d5 Ne7 12.b4 Ne8 13.Qc2 f5 14.f4 e4 15.Rb1 Nf6 16.Bb2 c6
17.dxc6 bxc6 18.Ne2 Be6 19.Nd4 Bf7 20.c5 Nfd5 21.Qe2 dxc5 22.Nb3 Bxb2 23.Rxb2
cxb4 24.Rc2 Qb6 25.Nc5 Rfd8 26.Nxa6 Ra8 27.Nc5 Nc3 28.Rxc3 bxc3 29.Nb3 Bxb3
30.axb3 Qxb3 {#R} 0-1

[Event "Ch Poland (team)"]
[Site "masterchessopen.com Lubniewice (Poland)"]
[Round "7"]
[White "Goj Artur (POL)"]
[Black "Klimaszewski Dariusz (POL)"]
[Result "1-0"]
[WhiteElo "2340"]
[BlackElo "2275"]

1.d4 Nf6 2.Nf3 g6 3.c4 Bg7 4.g3 O-O 5.Bg2 d6 6.Nc3 Nc6 7.O-O a6 8.b3 Rb8 9.a4
a5 10.h3 Nd7 11.Be3 Nb4 12.Qd2 c5 13.d5 Re8 14.Rad1 Nf8 15.Bh6 Bh8 16.Rfe1 Na6
17.e4 Qb6 18.Nb5 Bd7 19.e5 Bxb5 20.axb5 Nb4 21.e6 f6 22.h4 Bg7 23.h5 a4
24.Bxg7 Kxg7 25.bxa4 Ra8 26.Ra1 Ra5 27.Re4 h6 28.hxg6 Nxg6 29.Rg4 {#r} 1-0

[Event "Ch Czech Republic (open)"]
[Site "masterchessopen.com Olomouc (Czech Republic)"]
[Round "3"]
[White "Cech Pavel (CZE)"]
[Black "Rehak Martin (CZE)"]
[Result "1-0"]
[WhiteElo "2360"]
[BlackElo "2129"]

1.d4 Nf6 2.c4 g6 3.Nc3 Bg7 4.Nf3 d6 5.g3 O-O 6.Bg2 Nc6 7.O-O a6 8.b3 Rb8 9.Bb2
b5 10.cxb5 axb5 11.Rc1 Na5 12.Qc2 c5 13.dxc5 dxc5 14.Rfd1 Nd7 15.Ne4 Bxb2
16.Qxb2 c4 17.Qd2 Bb7 18.Qh6 f6 19.Nc5 Bc6 20.Ne6 Qb6 {#r} 1-0

[Event "It (open) (b) (juniors)"]
[Site "masterchessopen.com Plzen (Czech Republic)"]
[Round "3"]
[White "Cedikova Katerina (CZE)"]
[Black "Brudnova Jana (CZE)"]
[Result "0-1"]
[WhiteElo "2212"]
[BlackElo "1954"]

1.d4 Nf6 2.c4 g6 3.Nc3 Bg7 4.g3 O-O 5.Bg2 d6 6.Nf3 Nc6 7.O-O a6 8.e4 e5 9.d5
Ne7 10.Rb1 Rb8 11.b4 Nd7 12.Be3 f5 13.Ng5 Nf6 14.f4 h6 15.Ne6 Bxe6 16.dxe6 Ng4
17.Bd2 exf4 18.Rxf4 Bd4+ 19.Kh1 g5 20.Rxg4 fxg4 21.Qxg4 Ng6 22.Qh5 Kg7 23.h4
Qe8 24.Bh3 Ne5 25.Qxe8 Rbxe8 26.hxg5 hxg5 27.Ne2 Bb6 28.Bxg5 Rf2 29.Nf4 Nf3
{#R} 0-1